00629nam a22001817a 450000500170000000800410001702000180005804100080007608200160008410000200010024500300012026000340015030000190018465000130020394200070021699900170022395202070024020260514122428.0260514b |||||||| |||| 00| 0 eng d a9789386906113 aEng a891.442 GHA aGhatak, Ritwik  aRitwik Ghatak: Five Plays aNew DehlibNiyog Books c2025 a312;. P. 21 cm aFiction  cBK c46593d46593 00102ddc4070aIMTNbIMTNcRack 43-Ad2026-05-14eRaghav Books Private Limitedg495.00i2630l0o891.442 GHAp34060r2026-05-14 06:55:42t30v346.50w2026-04-30yBKzRecommended by Dr. Jitendra Sharma